000
00268nam a22001217a 4500
008
170320b xxu||||| |||| 00| 0 eng d
041
_a
eng
080
_a
616.8
100
_a
7
101
_a
shm
245
_a
PRINCIPLES OF NEUROLOGICAL SURGERY
_c
DAVIS
942
_2
udc
_c
BK
999
_c
8128
_d
8128